000 00552nam a22001817a 4500
999 _c60486
_d60486
005 20230804154959.0
008 230804s1995 pl ||||| |||| 00| 0 pol d
020 _a8390449102
041 _apol
080 _a94(479.22):27-36 M-78
245 _aMokcewaj Kartlisaj=Nawrócenie Kartlii /
_cDawid Kolbaia, Mariam Lordkipanidze; Universytet Warszawski.
264 _aWarszawa,
_c1995.
300 _a102 p.;
_b20 cm.
653 _aრელიგია
653 _aისტორია
710 _aUniversytet Warszawski
_919601
942 _2udc
_cBK